Find the link - Statistics

General Stats
  • This quiz has been taken 35 times
  • The average score is 5 of 9
Answer Stats
Hint Answer % Correct
Decoy/mannequin/figure used to discourage birds from crop fields Scarecrow
97%
Flightless bird almost exclusively in the southern hemisphere Penguin
72%
Hood or red-breast? Robin
62%
LINK BATMAN
52%
"Some people call me the space cowboy" is the opening line to this 1970's song The Joker
48%
"Great" 9th Century King of England Alfred
45%
Name given to athletic conference of 8 private universities in northeastern USA Ivy League
45%
Movie character who said "greed is good" Gordon Gecko
24%
Male actor who has been in numerous films with numbers in the title (at least 15) Bruce Willis
10%
No matching quizzes found
Score Distribution
Percent of People with Each Score
Percentile by Number Answered
Your Score History
You have not taken this quiz